特急「サンダーバード・雷鳥」の停車駅(1997年) - Statistics

General Stats
  • This quiz has been taken 144 times
  • The average score is 30 of 37
Answer Stats
停車駅 % Correct
大阪
100%
京都
99%
敦賀
99%
新大阪
98%
金沢
98%
福井
97%
富山
96%
高岡
95%
新潟
93%
芦原温泉
91%
加賀温泉
90%
小松
90%
武生
89%
鯖江
89%
直江津
88%
和倉温泉
88%
糸魚川
87%
長岡
86%
七尾
86%
近江今津
81%
津幡
81%
堅田
79%
黒部
79%
松任
78%
大聖寺
77%
魚津
77%
羽咋
77%
新津
76%
西大津
73%
柏崎
72%
石動
65%
滑川
64%
東三条
64%
入善
58%
見附
58%
加茂
55%
小杉
52%
No matching quizzes found
Score Distribution
Percent of People with Each Score
Percentile by Number Answered
Your Score History
You have not taken this quiz